<?xml version="1.0" encoding="UTF-8"?>
<record
    xmlns:xsi="http://www.w3.org/2001/XMLSchema-instance"
    xsi:schemaLocation="http://www.loc.gov/MARC21/slim http://www.loc.gov/standards/marcxml/schema/MARC21slim.xsd"
    xmlns="http://www.loc.gov/MARC21/slim">

  <leader>00396nam a2200133   4500</leader>
  <controlfield tag="008">251014b        |||||||| |||| 00| 0 eng d</controlfield>
  <datafield tag="020" ind1=" " ind2=" ">
    <subfield code="a">9789365578911</subfield>
  </datafield>
  <datafield tag="082" ind1=" " ind2=" ">
    <subfield code="a">657.42 ARO</subfield>
  </datafield>
  <datafield tag="100" ind1=" " ind2=" ">
    <subfield code="a">Arora, M N</subfield>
  </datafield>
  <datafield tag="245" ind1=" " ind2=" ">
    <subfield code="a">Cost and Management Accounting Theory, Problems and Solutions :</subfield>
  </datafield>
  <datafield tag="260" ind1=" " ind2=" ">
    <subfield code="a">Mumbai</subfield>
    <subfield code="b">Himalaya Publishing House</subfield>
    <subfield code="c">2024</subfield>
  </datafield>
  <datafield tag="300" ind1=" " ind2=" ">
    <subfield code="a">PV</subfield>
  </datafield>
  <datafield tag="942" ind1=" " ind2=" ">
    <subfield code="2">ddc</subfield>
    <subfield code="c">C</subfield>
  </datafield>
  <datafield tag="952" ind1=" " ind2=" ">
    <subfield code="0">0</subfield>
    <subfield code="1">0</subfield>
    <subfield code="2">ddc</subfield>
    <subfield code="4">0</subfield>
    <subfield code="6">657_420000000000000_ARO</subfield>
    <subfield code="7">0</subfield>
    <subfield code="8">UG</subfield>
    <subfield code="9">88289</subfield>
    <subfield code="a">SCM</subfield>
    <subfield code="b">SCM</subfield>
    <subfield code="c">6</subfield>
    <subfield code="d">2025-10-14</subfield>
    <subfield code="e">AO Enterprises</subfield>
    <subfield code="g">4901.00</subfield>
    <subfield code="l">0</subfield>
    <subfield code="o">657.42 ARO</subfield>
    <subfield code="p">CM2167</subfield>
    <subfield code="r">2025-10-14</subfield>
    <subfield code="y">R</subfield>
    <subfield code="z">Rack No. R8 Shelf No.30</subfield>
  </datafield>
  <datafield tag="952" ind1=" " ind2=" ">
    <subfield code="0">0</subfield>
    <subfield code="1">0</subfield>
    <subfield code="2">ddc</subfield>
    <subfield code="4">0</subfield>
    <subfield code="6">657_420000000000000_ARO</subfield>
    <subfield code="7">0</subfield>
    <subfield code="8">UG</subfield>
    <subfield code="9">88290</subfield>
    <subfield code="a">SCM</subfield>
    <subfield code="b">SCM</subfield>
    <subfield code="c">6</subfield>
    <subfield code="d">2025-10-14</subfield>
    <subfield code="e">AO Enterprises</subfield>
    <subfield code="g">4901.00</subfield>
    <subfield code="l">0</subfield>
    <subfield code="o">657.42 ARO</subfield>
    <subfield code="p">CM2168</subfield>
    <subfield code="r">2025-10-14</subfield>
    <subfield code="y">CR</subfield>
    <subfield code="z">Rack No. C6 Shelf No. 62</subfield>
  </datafield>
  <datafield tag="999" ind1=" " ind2=" ">
    <subfield code="c">63903</subfield>
    <subfield code="d">63903</subfield>
  </datafield>
</record>
